000 00678nam a22002297a 4500
003 UA-OsUOA
001 87480
007 ta
008 20120919b un ||||| |||| 00| 0 ukr d
100 _aСидорова А.В..
700 _aЖмайло М.А.
090 _a330(477)
_bС34
942 _cSA
040 _aUA-OsUOA
_bukr
_cUA-OsUOA
_dUA-OsUOA
245 _aРегіональні особливості споживчого кредитування в Україні
300 _aС.80-93
955 _a0
041 _aukr
080 _a330(477)
773 0 _w87470
_tФінанси України
_dК.
_d2012
_g2
650 7 _a330 Економіка взагалі
_2UDC
999 _c373807
_d373807